Hide and Seek - Capitals #3 - Statistics

General Stats
  • This quiz has been taken 11 times
  • The average score is 5 of 7
Answer Stats
Answer % Correct
Rome
100%
Riga
80%
They all start with the letter "R".
80%
Rabat
70%
Riyadh
60%
Roseau
50%
Reykjavik
40%
No matching quizzes found
Score Distribution
Percent of People with Each Score
Percentile by Number Answered
Your Score History
You have not taken this quiz